[Event "27.Bayer.Senioren-EM2015"]
[Site "?"]
[Date "2015.06.15"]
[Round "4.30"]
[White "Zehfuss, Helmut"]
[Black "Schiessl, Werner"]
[Result "0-1"]
[WhiteElo "1716"]
[BlackElo "1388"]
[PlyCount "126"]
[EventDate "2015.??.??"]
[WhiteTeam "SG Traunstein/Traunreut"]
[BlackTeam "FVS ASP Hoyerswerda"]

1. e4 Nc6 2. d4 b6 3. c3 Bb7 4. Bd3 e6 5. Bf4 d6 6. Bg3 h5 7. f3 h4 8. Bf4 e5
9. Be3 d5 10. a3 Be7 11. exd5 Qxd5 12. Be4 Qb5 13. Qc2 exd4 14. cxd4 O-O-O 15.
Nc3 Qa5 16. Nge2 Nf6 17. Bf5+ Kb8 18. O-O g6 19. Bd3 Nd5 20. Nxd5 Qxd5 21. Be4
Qd7 22. b4 f5 23. Bd3 Bf6 24. Bb5 Rhe8 25. Bf2 Rxe2 26. Bxe2 h3 27. Rad1 hxg2
28. Kxg2 Rh8 29. h3 Rh5 30. Rh1 f4 31. Bd3 Bxd4 32. Be4 Qe7 33. Bxc6 Bxf2 34.
Bxb7 Bh4 35. Qe4 Re5 36. Kf1 Rxe4 37. Bxe4 Qg5 38. Rg1 Qb5+ 39. Bd3 Qd5 40. Ke2
Qd4 41. Kd2 Qb2+ 42. Bc2 Qxa3 43. Be4 Qb2+ 44. Kd3 Qb3+ 45. Kd2 Qxb4+ 46. Kc2
Qc4+ 47. Kd2 g5 48. Rc1 Qd4+ 49. Kc2 Qa4+ 50. Kb2 Qb5+ 51. Ka2 Bf2 52. Rgd1
Qa4+ 53. Kb1 Bd4 54. Rd3 Qb4+ 55. Kc2 c5 56. Rb1 Qc4+ 57. Kd1 Kc7 58. Rc1 Qa4+
59. Rc2 Kd6 60. Rdd2 Ke5 61. Ke2 a5 62. Ra2 Qd7 63. Kd3 Be3+ 0-1

[Event "27.Bayer.Senioren-EM2015"]
[Site "?"]
[Date "2015.06.15"]
[Round "4.31"]
[White "Kalkmann, Hans"]
[Black "Laber, Dietrich"]
[Result "1-0"]
[WhiteElo "1859"]
[BlackElo "1561"]
[PlyCount "79"]
[EventDate "2015.??.??"]
[WhiteTeam "SC Springer St.Tönis"]
[BlackTeam "SF Steinsfurt"]

1. Nf3 Nf6 2. d4 d5 3. g3 g6 4. Bg2 Bg7 5. O-O O-O 6. c3 Nbd7 7. Ne5 Ne4 8. Nd3
e6 9. f3 Nd6 10. e4 b6 11. Bf4 Bb7 12. Re1 g5 13. Bxd6 cxd6 14. Nf2 Qe8 15. Qd3
f6 16. Na3 a6 17. Rad1 Qg6 18. exd5 Qxd3 19. Rxd3 exd5 20. Re6 Rf7 21. Rde3 Bf8
22. Bh3 f5 23. Re8 Rxe8 24. Rxe8 Nf6 25. Rb8 g4 26. fxg4 Nxg4 27. Bxg4 fxg4 28.
Nxg4 Kg7 29. Nc2 a5 30. Kg2 Ba6 31. Nce3 Be2 32. Rxb6 Bf3+ 33. Kg1 Be2 34. Nf2
Rf3 35. Nxd5 Bc4 36. Nf4 Bxa2 37. Nh5+ Kg6 38. Nf4+ Kf5 39. Rb5+ Kf6 40. Kg2
1-0

[Event "27.Bayer.Senioren-EM2015"]
[Site "?"]
[Date "2015.06.15"]
[Round "4.32"]
[White "Schroeter, Manfred"]
[Black "Garms, Ilse"]
[Result "1-0"]
[WhiteElo "1855"]
[BlackElo "1553"]
[PlyCount "103"]
[EventDate "2015.??.??"]
[WhiteTeam "SC Falke Saerbeck"]
[BlackTeam "ESV Eberswalde"]

1. e4 c5 2. d4 cxd4 3. c3 dxc3 4. Nxc3 e6 5. Nf3 Nc6 6. Bc4 a6 7. O-O b5 8. Bb3
Bb7 9. Qe2 Bc5 10. Rd1 Nge7 11. Ng5 Qb6 12. Bf4 Ng6 13. Bg3 f6 14. Nf3 Rd8 15.
Rac1 Bc8 16. h4 d6 17. a3 Nd4 18. Nxd4 Bxd4 19. Qg4 Be5 20. h5 Bxg3 21. Qxg3
Kf7 22. hxg6+ hxg6 23. Ne2 Rh6 24. Kf1 b4 25. axb4 Qxb4 26. Qc3 Qb5 27. Qc4 Ke7
28. Ba4 Rh1+ 29. Ng1 Qxc4+ 30. Rxc4 a5 31. Rc7+ Kf8 32. f3 Ba6+ 33. Kf2 d5 34.
exd5 exd5 35. Rc5 Rh5 36. Nh3 d4 37. Rxh5 gxh5 38. Nf4 Bc4 39. Nxh5 Kf7 40. Nf4
Rd6 41. Rc1 Ba6 42. Rc7+ Kg8 43. Rc6 Rxc6 44. Bxc6 Bc4 45. Bd5+ Bxd5 46. Nxd5
Kf7 47. Ke2 Ke6 48. Nb6 f5 49. Kd3 Ke5 50. g3 g5 51. Nc4+ Kd5 52. Nxa5 1-0

[Event "27.Bayer.Senioren-EM2015"]
[Site "?"]
[Date "2015.06.15"]
[Round "4.34"]
[White "Babichev, Vyacheslav"]
[Black "Wraga, Hermann"]
[Result "1-0"]
[WhiteElo "1683"]
[BlackElo "1445"]
[PlyCount "79"]
[EventDate "2015.??.??"]
[WhiteTeam "SW Nürnberg Süd"]
[BlackTeam "SG Osnabrück"]

1. b3 d6 2. Bb2 e5 3. e3 f5 4. d3 Nf6 5. Ne2 g6 6. Nd2 Bg7 7. f4 Nd5 8. Nc4 Qe7
9. Qd2 b5 10. e4 Nxf4 11. Na3 a6 12. g3 Nxe2 13. Bxe2 Bb7 14. Bf3 Nd7 15. O-O
O-O-O 16. c4 d5 17. exd5 h5 18. Qg2 Qc5+ 19. Kh1 Nf6 20. cxb5 axb5 21. Rac1 Qb6
22. Bxe5 Ne8 23. Bf4 Nd6 24. Rc2 Rh7 25. Rfc1 Bf8 26. Nb1 Qd4 27. Rd1 Re8 28.
Nc3 Qb6 29. h4 Rd7 30. b4 Qd4 31. a3 Kb8 32. Bxd6 cxd6 33. Nxb5 Qb6 34. a4 Bg7
35. d4 Bf8 36. Qd2 Rde7 37. Qf4 Re1+ 38. Rxe1 Rxe1+ 39. Kg2 Bxd5 40. Bxd5 1-0

[Event "27.Bayer.Senioren-EM2015"]
[Site "?"]
[Date "2015.06.15"]
[Round "4.35"]
[White "Stephan, Hubert"]
[Black "Kolkwitz, Klaus"]
[Result "1-0"]
[WhiteElo "1527"]
[BlackElo "1670"]
[PlyCount "81"]
[EventDate "2015.??.??"]
[WhiteTeam "SC Prien"]
[BlackTeam "ESV Eberswalde"]

1. e4 d6 2. d4 Nf6 3. Nc3 g6 4. Bd3 Bg7 5. Nf3 O-O 6. h3 c5 7. Be3 cxd4 8. Bxd4
Nc6 9. Be3 Nd7 10. Qd2 Nde5 11. Nxe5 Nxe5 12. Be2 Be6 13. Nd5 b6 14. O-O-O Rc8
15. Bh6 Nc4 16. Bxc4 Rxc4 17. Bxg7 Kxg7 18. f3 Bxd5 19. exd5 Qc7 20. h4 Rc8 21.
c3 b5 22. Kb1 b4 23. cxb4 Rc2 24. Qd4+ f6 25. g4 Qc4 26. Qxc4 R2xc4 27. Rc1 Kf7
28. a3 Ke8 29. Rhe1 Kd7 30. Rxc4 Rxc4 31. Re4 Rxe4 32. fxe4 e6 33. dxe6+ Kxe6
34. Kc2 d5 35. Kd3 dxe4+ 36. Kxe4 Kd6 37. a4 Kc6 38. b3 a6 39. b5+ axb5 40.
axb5+ Kxb5 41. Kd5 1-0

[Event "27.Bayer.Senioren-EM2015"]
[Site "?"]
[Date "2015.06.15"]
[Round "4.36"]
[White "Peiberg, Ehrhard"]
[Black "Harke, Horst"]
[Result "1/2-1/2"]
[WhiteElo "1469"]
[BlackElo "1664"]
[PlyCount "59"]
[EventDate "2015.??.??"]
[WhiteTeam "SC Erlangen"]
[BlackTeam "SK Varel"]

1. d4 d5 2. c4 c6 3. cxd5 Qxd5 4. Nc3 Qd8 5. Nf3 e6 6. e4 Be7 7. Bd3 h6 8. O-O
Nd7 9. Re1 Bb4 10. a3 Bxc3 11. bxc3 Ngf6 12. c4 c5 13. d5 e5 14. Bb2 Qe7 15.
Qc2 Nh7 16. Qc3 f6 17. Nh4 Ndf8 18. Nf5 Bxf5 19. exf5 Nd7 20. f4 O-O 21. Re2
Rae8 22. Rae1 Qd6 23. Qd2 Re7 24. Bc2 Nb6 25. Qd3 Nd7 26. Ba4 Nb6 27. fxe5 fxe5
28. Rxe5 Rxe5 29. Bxe5 Qd8 30. Bc2 1/2-1/2

[Event "27.Bayer.Senioren-EM2015"]
[Site "?"]
[Date "2015.06.15"]
[Round "4.37"]
[White "Huetter, Heinz"]
[Black "Hermann, Josef"]
[Result "1/2-1/2"]
[WhiteElo "1447"]
[BlackElo "1645"]
[PlyCount "87"]
[EventDate "2015.??.??"]
[WhiteTeam "SC Eichenau"]
[BlackTeam "TSV Trostberg"]

1. e4 e6 2. d4 d5 3. e5 c5 4. c3 Bd7 5. Nf3 Qb6 6. Qb3 Nc6 7. Qxb6 axb6 8. Bd2
Na5 9. Na3 c4 10. Nc2 f6 11. Be2 Ne7 12. O-O Ng6 13. exf6 gxf6 14. Be3 Bd6 15.
g3 Kf7 16. Nd2 h5 17. f4 Nc6 18. b4 Nce7 19. a3 Nf5 20. Bf2 b5 21. Ne3 Nxe3 22.
Bxe3 Ne7 23. Nf3 Nf5 24. Bd2 Rag8 25. Ne1 Ke7 26. Ng2 e5 27. fxe5 fxe5 28. dxe5
Bxe5 29. Rac1 Nd6 30. Bf4 Bg7 31. Bf3 Ne4 32. Bxe4 dxe4 33. Rfe1 Bc6 34. Ne3
Ke6 35. Re2 Ra8 36. Ra2 Rhd8 37. Kf2 Rd3 38. Nd1 Be5 39. Bxe5 Kxe5 40. Ke2 Kf5
41. Nf2 Rd6 42. Rd1 Re6 43. Ke3 b6 44. Rd4 1/2-1/2

[Event "27.Bayer.Senioren-EM2015"]
[Site "?"]
[Date "2015.06.15"]
[Round "4.38"]
[White "Oser, Thor"]
[Black "Conitz, Helmut"]
[Result "1/2-1/2"]
[WhiteElo "1638"]
[BlackElo "1343"]
[PlyCount "48"]
[EventDate "2015.??.??"]
[WhiteTeam "SK Jöhlingen"]
[BlackTeam "SF Witzlasreuth"]

1. d4 d5 2. e3 Nf6 3. Bd3 g6 4. Nd2 c6 5. h3 Bg7 6. f4 e6 7. Ngf3 O-O 8. g4
Nbd7 9. Qe2 Ne8 10. h4 f6 11. g5 f5 12. h5 Kf7 13. b3 Rg8 14. Bb2 Nd6 15. O-O-O
Ne4 16. Qg2 a5 17. a4 Rb8 18. hxg6+ hxg6 19. c4 b6 20. Rh7 Ba6 21. Ne5+ Nxe5
22. dxe5 Qe7 23. Nxe4 dxe4 24. Bf1 Rbd8 1/2-1/2

[Event "27.Bayer.Senioren-EM2015"]
[Site "?"]
[Date "2015.06.15"]
[Round "4.39"]
[White "Lubberich, Alfred"]
[Black "Walther, Renate"]
[Result "1-0"]
[WhiteElo "1616"]
[BlackElo "837"]
[PlyCount "49"]
[EventDate "2015.??.??"]
[WhiteTeam "SG Nettetal"]
[BlackTeam "SK Herzogenaurach"]

1. Nf3 Nf6 2. b3 d5 3. Bb2 e6 4. e3 Nbd7 5. c4 c6 6. Be2 h6 7. O-O Bd6 8. d4 b6
9. Nc3 O-O 10. cxd5 exd5 11. Rc1 Bb7 12. a3 Re8 13. b4 a6 14. Re1 Ne4 15. Nd2
Ndf6 16. Bd3 Bc8 17. f3 Qc7 18. Nf1 Bg4 19. Bxe4 Nxe4 20. fxg4 Re6 21. Nxe4
Rxe4 22. Qf3 Qe7 23. Rxc6 Bc7 24. Rec1 Qd7 25. Rxc7 1-0

[Event "27.Bayer.Senioren-EM2015"]
[Site "?"]
[Date "2015.06.15"]
[Round "4.40"]
[White "Kunte, Herbert"]
[Black "Wilfert, Eva-Maria"]
[Result "1-0"]
[WhiteElo "1594"]
[BlackElo "1389"]
[PlyCount "71"]
[EventDate "2015.??.??"]
[WhiteTeam "SK Siemens München"]
[BlackTeam "PTSV SK Hof"]

1. e4 d5 2. exd5 Qxd5 3. Nc3 Qa5 4. d4 c6 5. Bd2 Qc7 6. Bd3 g6 7. Nge2 Bg7 8.
O-O Nf6 9. Bf4 Qd8 10. Qd2 O-O 11. h3 Nbd7 12. Bh6 Nb6 13. Bxg7 Kxg7 14. Rad1
Be6 15. b3 Nfd5 16. Ne4 f5 17. Nc5 Bc8 18. c4 Nf6 19. Qc3 Nbd7 20. Ne6+ Kg8 21.
Nxd8 Rxd8 22. Nf4 Kf7 23. Rfe1 Nb6 24. a4 g5 25. Ne2 f4 26. a5 Nbd7 27. c5 Nf8
28. Bc4+ Be6 29. Nc1 Nd5 30. Qf3 Bf5 31. Qh5+ Kf6 32. Nd3 Nd7 33. Ne5 Bg6 34.
Nxg6 hxg6 35. Qe2 Re8 36. Qe6+ 1-0

[Event "27.Bayer.Senioren-EM2015"]
[Site "?"]
[Date "2015.06.15"]
[Round "4.41"]
[White "Roeder, Gerd"]
[Black "Jagdhuber, Hans"]
[Result "1/2-1/2"]
[WhiteElo "2047"]
[BlackElo "1906"]
[PlyCount "87"]
[EventDate "2015.??.??"]
[WhiteTeam "SV Altensittenbach"]
[BlackTeam "SK Keres-Augsburg"]

1. e4 c5 2. c3 Nf6 3. e5 Nd5 4. d4 cxd4 5. cxd4 d6 6. Bc4 e6 7. Bxd5 exd5 8.
Nf3 Nc6 9. h3 dxe5 10. dxe5 Bb4+ 11. Bd2 O-O 12. Bxb4 Nxb4 13. O-O Nc6 14. Nc3
Be6 15. Qa4 Qb6 16. Nb5 a6 17. Nbd4 Nxd4 18. Qxd4 Qxd4 19. Nxd4 Rac8 20. Rfd1
Rfe8 21. Rac1 Rxc1 22. Rxc1 Rc8 23. Rxc8+ Bxc8 24. f4 g6 25. Kf2 f6 26. Nf3 Kf7
27. Ke3 b6 28. Kd4 Be6 29. Ne1 g5 30. fxg5 fxg5 31. Nc2 h5 32. Ne3 h4 33. Nxd5
g4 34. hxg4 Bxg4 35. Ke4 Bc8 36. Kf4 Bb7 37. Nxb6 Bxg2 38. Nc4 Bd5 39. Nd2 h3
40. Kg3 Ke6 41. Kxh3 Bxa2 42. Kg3 Kxe5 43. Kf3 Kd4 44. Ke2 1/2-1/2

[Event "27.Bayer.Senioren-EM2015"]
[Site "?"]
[Date "2015.06.15"]
[Round "4.42"]
[White "Wraga, Teresa"]
[Black "Graw, Rolf"]
[Result "0-1"]
[WhiteElo "1424"]
[BlackElo "1563"]
[PlyCount "62"]
[EventDate "2015.??.??"]
[WhiteTeam "SG Osnabrück"]
[BlackTeam "VfR-SC Koblenz"]

1. e4 c6 2. d3 d5 3. Nd2 e5 4. Ngf3 Bg4 5. h3 Bxf3 6. Qxf3 Nd7 7. exd5 Ne7 8.
dxc6 Nxc6 9. Qd1 Bc5 10. Ne4 O-O 11. g3 Qb6 12. Nxc5 Nxc5 13. Bg2 Rad8 14. O-O
e4 15. Be3 exd3 16. cxd3 Qb5 17. Bxc6 bxc6 18. Bxc5 Qxc5 19. Rc1 Qb5 20. Qc2
Rxd3 21. Qxc6 Qxb2 22. Qc2 Rd2 23. Qxb2 Rxb2 24. Ra1 Rfb8 25. Rfc1 g6 26. Rc7
R8b7 27. Rxb7 Rxb7 28. Rc1 Kg7 29. Kg2 Rb2 30. a4 Ra2 31. Rc7 Rxa4 0-1

[Event "27.Bayer.Senioren-EM2015"]
[Site "?"]
[Date "2015.06.15"]
[Round "4.43"]
[White "Zerweck, Christoph"]
[Black "Jehn, Detlef"]
[Result "1-0"]
[WhiteElo "1779"]
[BlackElo "1486"]
[PlyCount "41"]
[EventDate "2015.??.??"]
[WhiteTeam "SV Herrenberg"]
[BlackTeam "SF Bad Reichenhall"]

1. e4 e6 2. b3 Ne7 3. Bb2 d5 4. Nc3 d4 5. Nce2 e5 6. f4 d3 7. cxd3 Qxd3 8. Ng3
Qd7 9. fxe5 Ng6 10. Nf3 Nc6 11. Bc4 h6 12. O-O Qe7 13. Nf5 Bxf5 14. exf5 Nh4
15. f6 Nxf3+ 16. Rxf3 Qc5+ 17. d4 O-O-O 18. dxc5 Rxd1+ 19. Rxd1 Bxc5+ 20. Kf1
Nxe5 21. Bxe5 1-0

[Event "27.Bayer.Senioren-EM2015"]
[Site "?"]
[Date "2015.06.15"]
[Round "4.44"]
[White "Alefs, Heinz"]
[Black "Rudek, Gerald"]
[Result "1-0"]
[WhiteElo "1567"]
[BlackElo "1453"]
[PlyCount "65"]
[EventDate "2015.??.??"]
[WhiteTeam "SC Eichenau"]
[BlackTeam "SC Feuchtwangen"]

1. d4 f5 2. g3 Nf6 3. Bg5 e6 4. c4 Be7 5. Nc3 O-O 6. Bg2 c6 7. Nf3 d6 8. O-O
Qc7 9. Re1 e5 10. dxe5 dxe5 11. Qc2 Be6 12. b3 Na6 13. a3 Nc5 14. Nh4 g6 15. b4
Na6 16. c5 Rad8 17. Bh3 Nd5 18. Bh6 Rf7 19. e4 Nxc3 20. Qxc3 Bxh4 21. exf5 Bxf5
22. Bxf5 Rxf5 23. gxh4 Rd5 24. Re4 Qf7 25. Qg3 Nc7 26. Rae1 Rf3 27. Qg2 Rxa3
28. h5 Rad3 29. hxg6 hxg6 30. Rg4 Rd1 31. Rxg6+ Kh7 32. Rg7+ Kxh6 33. Qg5# 1-0

[Event "27.Bayer.Senioren-EM2015"]
[Site "?"]
[Date "2015.06.15"]
[Round "4.45"]
[White "Rosmann, Armin"]
[Black "Steffl, Herbert"]
[Result "0-1"]
[WhiteElo "1403"]
[BlackElo "1539"]
[PlyCount "148"]
[EventDate "2015.??.??"]
[WhiteTeam "TSV Ebermannstadt"]
[BlackTeam "ASV J'Adoube Grassau"]

1. e4 e6 2. Nf3 b6 3. d4 Bb7 4. Bd3 d6 5. c4 Nd7 6. O-O g6 7. Nc3 Bg7 8. Re1
Ne7 9. Bf4 e5 10. dxe5 dxe5 11. Bg5 O-O 12. Bc2 h6 13. Bh4 f6 14. Nd5 g5 15.
Bg3 c6 16. Nxe7+ Qxe7 17. h4 Nc5 18. b4 Rad8 19. Qe2 Ne6 20. a3 g4 21. Nd2 Nd4
22. Qd1 Nxc2 23. Qxc2 h5 24. Nf1 Bh6 25. Ne3 Bxe3 26. Rxe3 Rd4 27. Rd1 Rfd8 28.
Red3 c5 29. Rxd4 cxd4 30. Qd3 Rc8 31. Rc1 Ba6 32. Qb3 Qf7 33. b5 Bb7 34. Qd3
Rc7 35. f4 gxf3 36. Qxf3 Bc8 37. Rf1 Kg7 38. Kh2 Bg4 39. Qd3 Qxc4 40. Qb1 Be2
41. Re1 d3 42. Qb2 Qc3 43. Rxe2 dxe2 44. Qxe2 Kg6 45. Qf1 Rf7 46. Qf5+ Kh6 47.
Qe6 Qc7 48. Qe8 Qe7 49. Qc6 Rg7 50. Qc1+ Kg6 51. Qe3 Qe6 52. Be1 Kf7 53. Qc3
Qd7 54. Qc4+ Kg6 55. Bg3 Qg4 56. Qd3 Rd7 57. Qb3 Kg7 58. Qc4 Rd4 59. Qc7+ Qd7
60. Bxe5 Qxc7 61. Bxc7 Rxe4 62. Bb8 Re7 63. Bd6 Rd7 64. Bb4 Kg6 65. Kg3 Kf5 66.
Kf3 Rd5 67. Ke3 Rxb5 68. Kd4 a5 69. Be7 Rb3 70. Kc4 Rg3 71. Bd8 Rxa3 72. Bxb6
Ra4+ 73. Kd3 Rxh4 74. Bxa5 Rg4 0-1

[Event "27.Bayer.Senioren-EM2015"]
[Site "?"]
[Date "2015.06.15"]
[Round "4.46"]
[White "Schallock, Helmut"]
[Black "Sandner, Josef"]
[Result "1/2-1/2"]
[WhiteElo "1352"]
[BlackElo "1507"]
[PlyCount "97"]
[EventDate "2015.??.??"]
[WhiteTeam "SC Noris-Tarrasch Nürnberg"]
[BlackTeam "SG Traunstein/Traunreut"]

1. e4 c5 2. Nf3 d6 3. Bc4 Nf6 4. d3 e6 5. O-O Be7 6. Re1 O-O 7. Nc3 Nc6 8. e5
dxe5 9. Nxe5 Nxe5 10. Rxe5 Bd6 11. Re1 a6 12. a4 Bd7 13. Bd2 Re8 14. Bg5 h6 15.
Bh4 g5 16. Bg3 Bxg3 17. hxg3 Kg7 18. Re5 b6 19. f4 g4 20. Ne4 h5 21. Rg5+ Kh6
22. Nd6 Qe7 23. Nxe8 Nxe8 24. Qe1 f6 25. Rg8 Qf7 26. Rh8+ Kg7 27. Rxe8 Qxe8 28.
b3 a5 29. Qe3 Qe7 30. Re1 Re8 31. Qe4 Qd6 32. c3 Re7 33. Qe3 Qc6 34. d4 cxd4
35. cxd4 Qd6 36. Kh2 Bc8 37. d5 e5 38. Qd2 exf4 39. Rxe7+ Qxe7 40. Qxf4 Qe5 41.
Qxe5 fxe5 42. d6 Kf6 43. Kg1 Bd7 44. Kf2 e4 45. Ke3 Ke5 46. Bf7 Kxd6 47. Bxh5
Ke5 48. Bg6 Bc6 49. Bh5 1/2-1/2

[Event "27.Bayer.Senioren-EM2015"]
[Site "?"]
[Date "2015.06.15"]
[Round "4.47"]
[White "Aufmwasser, Guenter"]
[Black "Hartlaub, Marianne"]
[Result "1-0"]
[WhiteElo "1494"]
[BlackElo "1367"]
[PlyCount "63"]
[EventDate "2015.??.??"]
[WhiteTeam "SV Hilden"]
[BlackTeam "SK Klingenberg"]

1. f4 Nf6 2. Nf3 d6 3. b3 Bg4 4. Bb2 e6 5. e3 c6 6. Be2 Be7 7. O-O Nbd7 8. Nc3
O-O 9. Qe1 Re8 10. h3 Bxf3 11. Bxf3 Bf8 12. g4 Nb6 13. Qg3 Nfd7 14. g5 e5 15.
f5 d5 16. h4 Nc5 17. d3 d4 18. Ne2 Bd6 19. e4 Na6 20. a3 Nc7 21. Qg4 Qe7 22.
Ng3 Nd7 23. Be2 Nb5 24. f6 Qe6 25. Nf5 g6 26. Nh6+ Kf8 27. Qg2 Bc7 28. Bg4 Qd6
29. Qh3 Nc5 30. h5 Ne6 31. hxg6 Nf4 32. g7# 1-0

[Event "27.Bayer.Senioren-EM2015"]
[Site "?"]
[Date "2015.06.15"]
[Round "4.48"]
[White "Braeu, Emmi"]
[Black "Jurgan, Brigitte"]
[Result "1-0"]
[WhiteElo "1321"]
[BlackElo "1236"]
[PlyCount "29"]
[EventDate "2015.??.??"]
[WhiteTeam "SK Marktoberdorf"]
[BlackTeam "ASV J'Adoube Grassau"]

1. Nf3 d6 2. g3 Nf6 3. Bg2 e5 4. c4 c6 5. O-O g6 6. Nc3 Bg7 7. d4 e4 8. Ng5 d5
9. cxd5 Nxd5 10. Ngxe4 Nxc3 11. bxc3 O-O 12. Be3 f5 13. Qb3+ Qd5 14. Qxd5+ Kh8
15. Qd6 1-0

[Event "27.Bayer.Senioren-EM2015"]
[Site "?"]
[Date "2015.06.15"]
[Round "4.49"]
[White "Schubert, Juergen"]
[Black "Ewald, Frithjof"]
[Result "0-1"]
[WhiteElo "1124"]
[BlackElo "1319"]
[PlyCount "58"]
[EventDate "2015.??.??"]
[WhiteTeam "Münchener SC"]
[BlackTeam "ASV J'Adoube Grassau"]

1. d4 Nf6 2. Bf4 e6 3. Nf3 b6 4. Nbd2 Bb7 5. e3 Be7 6. Bd3 d6 7. O-O c5 8. c3
Nbd7 9. Re1 Nh5 10. Qe2 f5 11. h3 O-O 12. Bh2 a6 13. e4 fxe4 14. Bxe4 Bxe4 15.
Qxe4 Rf6 16. g4 d5 17. Qe3 Rg6 18. Kh1 Nhf6 19. Rg1 Nf8 20. Ne5 cxd4 21. Qxd4
Bc5 22. Qf4 Bd6 23. Qe3 Bxe5 24. Bxe5 N8d7 25. Nf3 Ne4 26. Rad1 Nxe5 27. Nxe5
Rf6 28. Rg2 Qd6 29. Qg3 Nxg3+ 0-1

[Event "27.Bayer.Senioren-EM2015"]
[Site "?"]
[Date "2015.06.15"]
[Round "4.50"]
[White "Schwarzmeier, Christine"]
[Black "Malik, Rosemarie"]
[Result "0-1"]
[WhiteElo "868"]
[BlackElo "1285"]
[PlyCount "98"]
[EventDate "2015.??.??"]
[WhiteTeam "TV Riedenburg"]
[BlackTeam "SK Großweil"]

1. e4 e5 2. Nf3 d6 3. Bc4 h6 4. O-O Nf6 5. d3 Be7 6. Nc3 O-O 7. h3 a6 8. d4
Nbd7 9. Be3 exd4 10. Bxd4 b5 11. Bd3 Bb7 12. Re1 c5 13. Be3 c4 14. Bf1 Nxe4 15.
Nxe4 Bxe4 16. Bd4 Bxf3 17. Qxf3 Bf6 18. Bxf6 Nxf6 19. Re3 Re8 20. Rae1 Rxe3 21.
Rxe3 Ra7 22. g4 Re7 23. Rc3 d5 24. Ra3 Re6 25. Qg3 Ne4 26. Qf4 a5 27. Rf3 Rf6
28. Qe3 Rxf3 29. Qxf3 Ng5 30. Qg3 d4 31. h4 Ne4 32. Qf4 Nc5 33. g5 hxg5 34.
hxg5 Ne6 35. Qf5 Nxg5 36. Qxb5 Nf3+ 37. Kg2 Ne1+ 38. Kg3 d3 39. cxd3 cxd3 40.
Bxd3 Nxd3 41. b3 Nb4 42. a3 Nd3 43. Kf3 Ne1+ 44. Ke2 Nc2 45. Qd3 Qxd3+ 46. Kxd3
Nxa3 47. Kc3 Nb5+ 48. Kc4 Nd6+ 49. Kc5 Ne4+ 0-1

[Event "27.Bayer.Senioren-EM2015"]
[Site ""]
[Date "2015.06.15"]
[Round "5.1"]
[White "Jergler, Karl-Heinz"]
[Black "Roeder, Frank"]
[Result "1/2-1/2"]
[WhiteElo "2076"]
[BlackElo "2184"]
[PlyCount "24"]
[EventDate "2015.??.??"]
[WhiteTeam "SC Waldkraiburg"]
[BlackTeam "SV Altensittenbach"]

1. e4 c6 2. d4 d5 3. e5 Bf5 4. Nf3 e6 5. a3 Nd7 6. c4 dxc4 7. Bxc4 Ne7 8. O-O
Nb6 9. Bd3 Bxd3 10. Qxd3 Nf5 11. Nc3 Be7 12. Re1 h6 1/2-1/2

[Event "27.Bayer.Senioren-EM2015"]
[Site ""]
[Date "2015.06.15"]
[Round "5.2"]
[White "Schmidt, Gerhard"]
[Black "Trescher, Manfred"]
[Result "1/2-1/2"]
[WhiteElo "2131"]
[BlackElo "2062"]
[PlyCount "56"]
[EventDate "2015.??.??"]
[WhiteTeam "SC Unterhaching"]
[BlackTeam "Stiftung BSW - SG München"]

1. d4 d5 2. Nf3 e6 3. c4 c6 4. e3 Nf6 5. Bd3 Nbd7 6. O-O Bd6 7. Nc3 O-O 8. e4
dxe4 9. Nxe4 Nxe4 10. Bxe4 h6 11. Bc2 e5 12. Re1 exd4 13. Qxd4 Bc5 14. Qh4 Qxh4
15. Nxh4 Nf6 16. Be3 Bxe3 17. Rxe3 Be6 18. b3 Rad8 19. Re2 c5 20. Bf5 Bxf5 21.
Nxf5 Rfe8 22. Kf1 Kf8 23. Rxe8+ Nxe8 24. Ke2 b6 25. Rd1 Rxd1 26. Kxd1 h5 27.
Kd2 g6 28. Ne3 Ke7 1/2-1/2

[Event "27.Bayer.Senioren-EM2015"]
[Site ""]
[Date "2015.06.15"]
[Round "5.3"]
[White "Fischer, Gerd"]
[Black "Urytskyy, Arkadiy"]
[Result "1/2-1/2"]
[WhiteElo "2011"]
[BlackElo "2078"]
[PlyCount "35"]
[EventDate "2015.??.??"]
[WhiteTeam "FC Gunzenhausen"]
[BlackTeam "TSV Bindlach"]

1. Nf3 Nf6 2. b3 g6 3. Bb2 Bg7 4. e3 O-O 5. Be2 c5 6. O-O Nc6 7. c4 d6 8. d3 a6
9. Nc3 Rb8 10. d4 cxd4 11. exd4 d5 12. Qd2 Bg4 13. h3 Ne4 14. Nxe4 dxe4 15.
hxg4 exf3 16. Bxf3 Nxd4 17. Bxd4 Qxd4 18. Rad1 1/2-1/2

[Event "27.Bayer.Senioren-EM2015"]
[Site ""]
[Date "2015.06.15"]
[Round "5.4"]
[White "Kurka, Dieter"]
[Black "Roeder, Gerd"]
[Result "1-0"]
[WhiteElo "1931"]
[BlackElo "2047"]
[PlyCount "65"]
[EventDate "2015.??.??"]
[WhiteTeam "Kölner SK Dr. Lasker"]
[BlackTeam "SV Altensittenbach"]

1. d4 d5 2. c4 c6 3. Nf3 Nf6 4. Nc3 Bf5 5. cxd5 cxd5 6. Qb3 Qb6 7. Qxb6 axb6 8.
Bf4 Nc6 9. e3 e6 10. Bb5 Bb4 11. O-O Bxc3 12. bxc3 Ke7 13. a4 Rhc8 14. Rfc1 Na5
15. Ra3 Nh5 16. Bg3 Nxg3 17. hxg3 h6 18. Nd2 Bg6 19. g4 Rc7 20. f3 Rac8 21. e4
Nc6 22. Re1 dxe4 23. fxe4 Na5 24. c4 Rd8 25. d5 f6 26. e5 exd5 27. exf6+ Kxf6
28. Rf3+ Kg5 29. Re5+ Kxg4 30. Nf1 Kh4 31. Nh2 Bf5 32. Rexf5 g5 33. Rh3# 1-0

[Event "27.Bayer.Senioren-EM2015"]
[Site ""]
[Date "2015.06.15"]
[Round "5.5"]
[White "Walther, Reinhard"]
[Black "Wolf, Walter"]
[Result "1/2-1/2"]
[WhiteElo "1942"]
[BlackElo "2084"]
[PlyCount "81"]
[EventDate "2015.??.??"]
[WhiteTeam "SK Herzogenaurach"]
[BlackTeam "Stuttgarter SF"]

1. d4 g6 2. e4 Bg7 3. Nc3 d6 4. f4 c6 5. Nf3 b5 6. Bd3 a6 7. Be3 Bg4 8. h3 Bxf3
9. Qxf3 Nd7 10. e5 Qc7 11. O-O b4 12. Ne4 d5 13. e6 fxe6 14. Ng5 Nf8 15. Rae1
h6 16. Bxg6+ Kd7 17. Nxe6 Nxe6 18. Bf5 Rf8 19. Bxe6+ Kxe6 20. Qg4+ Kd6 21. Qxg7
Nf6 22. f5 Qd8 23. Qg3+ Kd7 24. Qe5 Ne4 25. c4 bxc3 26. bxc3 Rf6 27. Rb1 Nd6
28. Bf2 Rxf5 29. Qe2 Qa5 30. c4 Rhf8 31. cxd5 Qxd5 32. Rb2 Rg8 33. g4 h5 34.
Qxa6 Rf4 35. Qa7+ Ke6 36. Re1+ Ne4 37. Bh4 Rg7 38. Rb7 Rff7 39. Qc5 hxg4 40.
Qxd5+ Kxd5 41. Rd7+ 1/2-1/2

[Event "27.Bayer.Senioren-EM2015"]
[Site ""]
[Date "2015.06.15"]
[Round "5.6"]
[White "Goy, Udo"]
[Black "Knollmueller, Peter"]
[Result "1-0"]
[WhiteElo "2084"]
[BlackElo "1838"]
[PlyCount "55"]
[EventDate "2015.??.??"]
[WhiteTeam "Ford SF Köln"]
[BlackTeam "SK Töging"]

1. d4 Nf6 2. c4 e6 3. Nc3 d5 4. Nf3 Be7 5. e3 c6 6. Bd3 dxc4 7. Bxc4 b5 8. Bb3
Bb7 9. O-O O-O 10. a3 a6 11. Qe2 c5 12. dxc5 Bxc5 13. e4 h6 14. e5 Nh7 15. Ne4
Qe7 16. Nxc5 Qxc5 17. Be3 Qe7 18. Rac1 Rc8 19. Rxc8+ Bxc8 20. Nd4 Bb7 21. Rc1
Nd7 22. Rc7 Bd5 23. Bxd5 exd5 24. f4 Nhf8 25. Nf5 Qd8 26. Qg4 Ne6 27. Rc6 Ndf8
28. Nxh6+ 1-0

[Event "27.Bayer.Senioren-EM2015"]
[Site ""]
[Date "2015.06.15"]
[Round "5.7"]
[White "Daeubler, Heinrich"]
[Black "Niedermaier, Peter"]
[Result "1-0"]
[WhiteElo "2058"]
[BlackElo "1757"]
[PlyCount "89"]
[EventDate "2015.??.??"]
[WhiteTeam "SC Haselmühl"]
[BlackTeam "SU Ebersberg-Grafing"]

1. d4 Nf6 2. c4 g6 3. Nc3 d5 4. Nf3 Bg7 5. Bg5 Ne4 6. Bh4 Nxc3 7. bxc3 dxc4 8.
e3 b5 9. a4 c6 10. Qb1 a6 11. Be2 O-O 12. O-O Nd7 13. Qe4 Bb7 14. axb5 axb5 15.
Bxe7 Re8 16. Bxd8 Rxe4 17. Rxa8 Bxa8 18. Ra1 Bb7 19. Ra7 Re8 20. Ba5 Bc8 21.
Rc7 Nb8 22. Nd2 Bf8 23. Ne4 Kg7 24. Bf3 h6 25. Bb6 b4 26. d5 c5 27. Bxc5 Bxc5
28. Rxc5 Rd8 29. Rxc4 Bb7 30. Rxb4 Bxd5 31. Rd4 Nc6 32. Rd1 Bxe4 33. Rxd8 Bxf3
34. Rd6 Be4 35. f3 Bxf3 36. gxf3 Ne5 37. Kf2 g5 38. h3 f6 39. f4 gxf4 40. exf4
Ng6 41. Rd7+ Kg8 42. Ke3 h5 43. c4 Nf8 44. Rd8 Kf7 45. Rxf8+ 1-0